00322pam a2200145a 44500008003800000020001500038041000900053082001900062100002800081245000900109250001000118260003100128300000600159650001100165230515b0 xxu||||| |||| 00| 0 eng d a1999-01-01 aNULL a"""001.6 / DAV aNOVELLS CNE STUDY GUIDE aNULL aNOVEL aNULLbCLRKE DAVID JAMESc0 a0 a3941.5